000 00486nam a2200169 a 4500
005 20140412111253.0
008 000824s19uu xx 00 eng d
020 _a0-590-40063-0
050 _aTR(PS E
_bJu95 1981
100 _aKalan, Robert
245 _aJump, frog, jump! /
_cby Robert Kalan ; pictures by Byron Barton.
260 _aNew York :
_bScholastic Inc,
_c1981.
300 _a1 v. (unp.) ; ill.
650 _aFrogs-Fiction
650 _aChildren stories
999 _c103197
_d103197